| 000 | 00566nam a2200169Ia 4500 | ||
|---|---|---|---|
| 003 | GCL | ||
| 008 | 140319s9999 xx 000 0 ara d | ||
| 040 |
_aGCL / _cGCL |
||
| 082 | 0 | 4 |
_a953 _bك ى |
| 100 | 1 | _aكمال النجمى | |
| 245 | 1 | 0 |
_aيوميات ارباب السيوف و الاقلام من الكتاب والقواد العظام فى تاريخ العروبة والاسلام / _cكمال النجمى |
| 300 | _a143 ص | ||
| 490 | _a | ||
| 650 | 0 | 4 | _aالتاريخ الاسلامى |
| 650 | 0 | 4 | _aالمؤرخون - تراجم |
| 942 |
_2ddc _cBK |
||
| 999 |
_c44465 _d44465 |
||